Països i Capitals Europees - Estadísticas

Estadísticas generales
  • Esta prueba ha sido intentada 89 veces
    88 desde el último reinicio
  • La puntuación promedio es 33 de 44
Estadísticas de respuestas
País Capital % Correcto
Andorra Andorra la Vella
98%
Alemanya Berlín
96%
Bèlgica Brussel·les
94%
Espanya Madrid
92%
França París
92%
Àustria Viena
92%
Regne Unit Londres
90%
Grècia Atenes
85%
Irlanda Dublín
85%
Bulgària Sofia
85%
Dinamarca Copenhaguen
83%
Itàlia Roma
83%
Hongria Budapest
81%
Bielorússia Minsk
81%
Noruega Oslo
81%
Finlandia Hèlsinki
79%
Luxemburg Luxemburg
79%
Mònaco Mònaco
77%
Rússia Moscou
77%
San Marino San Marino
77%
Estónia Tallin
77%
Albània Tirana
77%
Portugal Lisboa
75%
Bòsnia iHercegovina Sarajevo
75%
Països Baixos Amsterdam
73%
Eslovàquia Bratislava
73%
República Txeca Praga
73%
Romania Bucarest
71%
Ucraïna Kíe
71%
Polònia Varsòvia
71%
Suïssa Berna
69%
Suècia Estocolm
69%
Malta La Valletta
69%
Letònia Riga
69%
Sèrbia Belgrad
67%
Eslovènia Ljubljana
67%
Islàndia Reykjavik
67%
Azerbaidjan Bakú
65%
Turquia(Europea) Istanbul
63%
Moldàvia Chisinau
60%
Lituània Vílnius
60%
Liechtenstein Vaduz
58%
Armènia Erevan
42%
Geòrgia Tbilisi
38%
No se encontraron pruebas coincidentes
Distribución de puntuación
Porcentaje de gente con cada puntuación
Porcentaje por número respondido
Historial de tus puntuaciones
No has intentado esta prueba desde el último reinicio